Loreto College Library, Kolkata
WEBOPAC (ONLINE PUBLIC ACCESS CATALOGUE)

Psychology and mental health (Record no. 18815)

MARC details
000 -LEADER
fixed length control field 00614nam a2200217Ia 4500
005 - DATE AND TIME OF LATEST TRANSACTION
control field 20221011094739.0
008 - FIXED-LENGTH DATA ELEMENTS--GENERAL INFORMATION
fixed length control field 131103s9999 xx 000 0 und d
040 ## - CATALOGING SOURCE
Original cataloging agency Loreto College
041 ## - LANGUAGE CODE
Language code English
082 ## - DDC | ডিউই
Classification number | বর্গসংখ্যা 150
Book Number | গ্রন্থাঙ্ক HAD
100 ## - MAIN ENTRY--PERSONAL NAME | মুখ্য সংলেখ - ব্যাক্তিনাম
Personal name | ব্যাক্তিনাম Hadfield, J. A.
245 ## - TITLE STATEMENT | অাখ্যা বিবরণী
Title | অাখ্যা Psychology and mental health
Sub title | উপঅাখ্যা a contribution of developmental psychology
Statement of responsibility | লেখকের দায়িত্বের বিবরণ J. A. Hadfield
260 ## - IMPRINT | প্রকাশনা ক্ষেত্র
Place of publication | প্রকাশ স্থান London
Name of publisher | প্রকাশকের নাম George Allen and Unwin
Date of publication | প্রকাশ কাল 1950(1960printing)
300 ## - PHYSICAL DESCRIPTION |
Page / Vol. No | পৃষ্ঠা / খন্ড সংখ্যা 444p
504 ## - BIBLIOGRAPHY, ETC. NOTE
Bibliography, etc Include index
630 ## - SUBJECT ADDED ENTRY--UNIFORM TITLE
Uniform title Mental Health
650 ## - SUBJECT ADDED ENTRY--TOPICAL TERM | বিষয় শিরোনাম - মূল বিষয়
Topical term | মূল বিষয় Psychology
651 ## - SUBJECT ADDED ENTRY--GEOGRAPHIC NAME | বিষয় শিরোনাম - ভৌগলিক নাম
Geographic name | ভৌগলিক বিষয় Developmental Psychology
850 ## - HOLDING INSTITUTION
Holding institution LCLIB
942 ## - ADDED ENTRY ELEMENTS (KOHA)
Koha item type Books
Holdings
Withdrawn status Lost status Source of classification Damaged status Not for loan Home library Current library Date acquired Total Checkouts Full call number Accession No. Date last seen Price effective from Koha item type Coded location qualifier Date checked out
    Dewey Decimal Classification     Loreto College Loreto College 04/11/2013   150 HAD 2356 B19553 04/11/2013 04/11/2013 Books    
    Dewey Decimal Classification     Loreto College Loreto College 04/11/2013   150 HAD 15872 B19554 04/11/2013 04/11/2013 Books    
    Dewey Decimal Classification     Loreto College Loreto College 04/11/2013   150 HAD 21297 B19559 04/11/2013 04/11/2013 Books    
    Dewey Decimal Classification     Loreto College Loreto College 04/11/2013 1 150 HAD 21296 B19560 06/03/2017 04/11/2013 Books   06/03/2017
    Dewey Decimal Classification     Loreto College Loreto College 04/11/2013 4 150 HAD 15873 B19561 22/02/2017 04/11/2013 Books   22/02/2017